000 00671nam a2200181Ia 4500
008 100921s9999 xx 000 0 und d
082 _b33485
_a891.463 थ 99
100 _aमहाले मुकुंद आत्माराम.
245 _aशोध प्रतिशोध.
260 _bजाणीव प्रकाशन, मुंबई.
_c1999
300 _a214
_bजयेश एजन्सी,पुणे.
365 _b140
520 _aललित-कादंबरी.
630 _aशोध प्रतिशोध.
650 _aललित-कादंबरी.
730 _aशोध प्रतिशोध.
942 _cBOOK
999 _c782598
_d782595